[Event "Druzynowe Mistrzostwa Polski Juniorow - Ekstraliga"]
[Site "Sypniewo k. Jastrowia"]
[Date "2024-06-17"]
[Round "5.8"]
[White "Warchol, Kamil"]
[Black "Pancewicz, Szymon"]
[Result "1/2-1/2"]
[WhiteTitle "FM"]
[BlackTitle "I++"]
[WhiteElo "2164"]
[BlackElo "2077"]

1. e4 2. c6 3. d4 4. d5 5. e5 6. Bf5 7. h4 8. h5 9. Bd3 10. Bxd3 11. Qxd3 12. Qa5+
13. Nd2 14. e6 15. Nf3 16. Ne7 17. O-O 18. Nf5 19. Nb3 20. Qa6 21. Qd1 22. Be7
23. Re1 24. Nd7 25. g3 26. c5 27. dxc5 28. Nxc5 29. Bg5 30. Rc8 31. Bxe7 32. Nxe7
33. Nfd4 34. Ne4 35. a4 36. g6 37. Nb5 38. O-O 39. N3d4 40. Qb6 41. a5 42. Qc5
43. Re3 44. Nc6 45. Nxc6 46. bxc6 47. Nd4 48. Qe7 49. Ne2 50. Rb8 51. b3 52. Qc7
53. Qe1 54. Rfc8 55. Nc3 56. Nxf2 57. Kxf2 58. d4 59. Rd3 60. dxc3 61. Qxc3 62.
Rb5 63. Rd6 64. Rd5 65. Rxd5 66. exd5 67. Re1 68. Re8 69. b4 70. Qd7 71. Qf3 72.
Qb7 73. c3 74. Re6 75. Qf4 76. Qb5 77. Qd4 78. a6 79. Kg1 80. Kg7 81. Rf1 1/2-1/2

[Event "Druzynowe Mistrzostwa Polski Juniorow - Ekstraliga"]
[Site "Sypniewo k. Jastrowia"]
[Date "2024-06-17"]
[Round "5.9"]
[White "Suska, Szymon"]
[Black "Radzimski, Antoni"]
[Result "1-0"]
[WhiteTitle "I++"]
[BlackTitle "k"]
[WhiteElo "2011"]
[BlackElo "2224"]

1. Nf3 2. Nf6 3. g3 4. g6 5. Bg2 6. Bg7 7. O-O 8. d6 9. d3 10. O-O 11. c4 12. Nc6
13. Nc3 14. e5 15. Rb1 16. a5 17. a3 18. Re8 19. b4 20. axb4 21. axb4 22. Bg4
23. b5 24. Nd4 25. e3 26. Nxf3+ 27. Bxf3 28. Bxf3 29. Qxf3 30. b6 31. e4 32. Nd7
33. Be3 34. Ra3 35. Rfc1 36. Rf8 37. Qe2 38. f5 39. f3 40. f4 41. Bf2 42. h5 43.
Ra1 44. fxg3 45. hxg3 46. Rxa1 47. Rxa1 48. Nf6 49. Be3 50. h4 51. g4 52. Nh7
53. Nd5 54. Qb8 55. Ne7+ 56. Kf7 57. Nc6 58. Qc8 59. Ra7 60. Kf6 61. f4 62. exf4
63. Bxf4 64. Re8 65. Qf3 66. Ng5 67. e5+ 1-0

[Event "Druzynowe Mistrzostwa Polski Juniorow - Ekstraliga"]
[Site "Sypniewo k. Jastrowia"]
[Date "2024-06-17"]
[Round "5.10"]
[White "Lecki, Leonard"]
[Black "Marcinkowski, Adam"]
[Result "1-0"]
[WhiteTitle "k"]
[BlackTitle "II+"]
[WhiteElo "2010"]
[BlackElo "1775"]

1. e4 2. e5 3. Nc3 4. Nf6 5. g3 6. Nc6 7. Bg2 8. Be7 9. Nge2 10. O-O 11. O-O 12.
d6 13. h3 14. Ne8 15. d4 16. Bg5 17. f4 18. exd4 19. Nxd4 20. Nxd4 21. Qxd4 22.
Bf6 23. Qd3 24. Bd7 25. Nd5 26. Bc6 27. c3 28. Qd7 29. Be3 30. Rd8 31. Rae1 32.
Be7 33. c4 34. Nf6 35. Bd4 36. Bxd5 37. exd5 38. Rde8 39. g4 40. Bd8 41. g5 42.
Rxe1 43. Rxe1 44. Nh5 45. Qe3 46. f6 47. Bf3 Qxh3 48. Qe6+ 49. Qxe6 50. dxe6 51.
Nxf4 52. e7 53. Bxe7 54. Rxe7 55. Nh3+ 56. Kg2 57. Nxg5 58. Bxb7 59. c5 60. Bd5+
61. Kh8 62. Be3 63. h6 64. Rxa7 65. Re8 66. Ra8 67. Rxa8 68. Bxa8 Ne6 69. a4 70.
Nc7 71. Bb7 72. Kg8 73. Bf4 1-0

[Event "Druzynowe Mistrzostwa Polski Juniorow - Ekstraliga"]
[Site "Sypniewo k. Jastrowia"]
[Date "2024-06-17"]
[Round "5.11"]
[White "Matskevich, Varvara"]
[Black "Gaszka, Zuzanna"]
[Result "1-0"]
[WhiteTitle "k"]
[BlackTitle "k"]
[WhiteElo "1949"]
[BlackElo "1901"]

1. Nf3 2. Nf6 3. g3 4. e6 5. Bg2 6. d5 7. O-O 8. Be7 9. d3 10. O-O 11. Nbd2 12.
a5 13. e4 14. Nc6 15. e5 16. Nd7 17. Re1 18. a4 19. a3 20. f6 21. d4 22. fxe5
23. dxe5 24. b5 25. Nf1 26. Qe8 27. h4 28. Nb6 29. Ne3 30. Bc5 31. Ng4 32. Qg6
33. Be3 34. Be7 35. Ngh2 36. Nc4 37. Bf4 38. Bc5 39. Ng5 40. h6 41. h5 42. Qe8
43. Nh3 44. Kh8 45. Qc1 46. Qxh5 47. g4 48. Qg6 49. b3 50. axb3 51. cxb3 52. Bxa3
53. Rxa3 54. Rxa3 55. bxc4 56. Ra2 57. cxb5 58. Na5 59. Qxc7 60. Nc4 61. Bg3 62.
Rb2 63. Qc5 64. Qe8 65. Nf4 66. Kg8 67. Nxd5 68. exd5 69. Bxd5+ 70. Be6 71. Bxc4
72. Bxc4 73. Qxc4+ 74. Kh8 75. e6 76. Rxb5 77. e7 78. Rg8 79. Rd1 1-0

[Event "Druzynowe Mistrzostwa Polski Juniorow - Ekstraliga"]
[Site "Sypniewo k. Jastrowia"]
[Date "2024-06-17"]
[Round "5.12"]
[White "Figa, Karolina"]
[Black "Malicka, Magdalena"]
[Result "0-1"]
[WhiteTitle "I++"]
[BlackTitle "I++"]
[WhiteElo "1760"]
[BlackElo "1729"]

1. d4 2. Nf6 3. c4 4. e6 5. Nc3 6. Bb4 7. e3 8. O-O 9. Bd2 10. d5 11. Nf3 12. b6
13. a3 14. Bxc3 15. Bxc3 16. Bb7 17. Bd3 18. dxc4 19. Bxc4 20. Ne4 21. Bd3 22.
Nd7 23. O-O 24. Ndf6 25. Nd2 26. c5 27. Nxe4 28. Nxe4 29. Bxe4 30. Bxe4 31. dxc5
32. Qg5 33. f3 34. Qxe3+ 35. Kh1 36. Bb7 37. Bd4 38. Qf4 39. g3 40. Qf5 41. cxb6
42. Rad8 43. Qa4 44. axb6 45. Kg2 46. e5 47. Be3 48. Rd3 49. Rae1 50. Rfd8 51.
Qb4 52. g5 53. g4 54. Qf6 55. Qxb6 56. Rd2+ 57. Kg3 58. R8d6 59. Qxb7 Qf4+ 60.
Bxf4 61. exf4+ 62. Kh3 63. Rh6# 0-1

[Event "Druzynowe Mistrzostwa Polski Juniorow - Ekstraliga"]
[Site "Sypniewo k. Jastrowia"]
[Date "2024-06-17"]
[Round "5.13"]
[White "Meers, Hubert"]
[Black "Chyzy, Jakub"]
[Result "1/2-1/2"]
[WhiteTitle "k"]
[BlackTitle "FM"]
[WhiteElo "2304"]
[BlackElo "2335"]

1. Nf3 2. Nf6 3. b3 4. c5 5. Bb2 6. e6 7. e3 8. Nc6 9. Be2 10. Be7 11. O-O 12.
O-O 13. d4 14. b6 15. c4 16. cxd4 17. Nxd4 18. Bb7 19. Bf3 20. Rc8 21. Nc3 22.
a6 23. Nxc6 24. Bxc6 25. Bxc6 26. Rxc6 27. Qf3 28. Qc7 29. Ne2 30. Qb8 31. Rad1
32. Qb7 33. Be5 34. b5 35. c5 36. Nd5 37. e4 38. Nf6 39. b4 40. Rd8 41. Rd4 42.
Ne8 43. Bg3 44. a5 45. a3 46. axb4 47. axb4 48. d6 49. Rfd1 50. Ra8 51. cxd6 52.
Bxd6 53. e5 54. Bf8 55. Nc3 56. Rc7 57. Ne4 58. Rac8 59. h3 60. Qa7 61. Kh2 62.
Be7 63. Qd3 64. Rc4 65. Rd7 66. R8c7 67. Rxc7 68. Qxc7 69. Nf6+ 70. gxf6 71. exf6
72. Bd6 73. Bxd6 74. Qxd6+ 75. Qxd6 76. Nxd6 77. Rxd6 78. h6 1/2-1/2

[Event "Druzynowe Mistrzostwa Polski Juniorow - Ekstraliga"]
[Site "Sypniewo k. Jastrowia"]
[Date "2024-06-17"]
[Round "5.14"]
[White "Krawczyk, Flawian"]
[Black "Zielonka, Adam"]
[Result "1-0"]
[WhiteTitle "CM"]
[BlackTitle "k"]
[WhiteElo "2311"]
[BlackElo "2175"]

1. d4 2. Nf6 3. Nf3 4. e6 5. g3 6. b6 7. Bg2 8. Bb7 9. O-O 10. Be7 11. c4 12. O-O
13. d5 14. exd5 15. Nh4 16. c6 17. cxd5 18. Nxd5 19. Nf5 20. Nc7 21. e4 22. d5
23. Nc3 24. Bf6 25. exd5 26. cxd5 27. Bf4 28. Nba6 29. Rc1 30. Bc8 31. Ne3 32.
Be6 33. Ncxd5 34. Nxd5 35. Nxd5 36. Bg5 37. Bxg5 38. Qxg5 39. Nf4 40. Bg4 41.
h4 42. Qf5 43. f3 44. Bh5 45. Nd5 46. Rfe8 47. g4 48. Qe6 49. gxh5 50. Rad8 51.
Re1 1-0

[Event "Druzynowe Mistrzostwa Polski Juniorow - Ekstraliga"]
[Site "Sypniewo k. Jastrowia"]
[Date "2024-06-17"]
[Round "5.15"]
[White "Kraczek, Cezary"]
[Black "Sowinski, Pawel"]
[Result "0-1"]
[WhiteTitle "I+"]
[BlackTitle "FM"]
[WhiteElo "2032"]
[BlackElo "2428"]

1. Nf3 2. Nf6 3. d4 4. e6 5. e3 6. b6 7. Bd3 8. Bb7 9. Nbd2 10. c5 11. b3 12. Nc6
13. a3 14. Be7 15. Bb2 16. O-O 17. O-O 18. cxd4 19. exd4 20. d5 21. Qe2 22. a6
23. b4 24. Bd6 25. Ne5 26. a5 27. b5 28. Ne7 29. f4 30. Rc8 31. Rf3 32. Qc7 33.
Rc1 34. Ng6 35. Qe3 36. Qe7 37. a4 38. Rc7 39. Rh3 40. Rfc8 41. Ndf3 42. Ne4 43.
c4 44. Qf6 45. Nxg6 46. Qxg6 47. Ng5 48. Bxf4 49. Qxf4 50. Qxg5 51. Qe3 52. Qxe3+
53. Rxe3 54. Nd2 55. c5 56. bxc5 57. b6 58. Rc6 59. Bb5 60. c4 61. Bxc6 62. Rxc6
63. Bc3 64. Nb3 65. Rb1 66. Rxb6 67. Bxa5 68. Ra6 69. Bc3 70. Rxa4 71. h4 72.
Bc8 73. Rf1 74. h5 75. Rg3 76. e5 77. dxe5 78. d4 79. Bb2 80. c3 81. Bxc3 82.
dxc3 83. Rxc3 84. Be6 85. g3 86. Re4 87. Rb1 88. Nd4 89. Rd3 90. Nf5 91. Rb5 92.
Nh6 93. Ra3 94. Ng4 95. Kg2 96. Nxe5 97. Ra8+ 98. Kh7 99. Raa5 100. f6 101. Ra7
102. Re2+ 103. Kf1 104. Bc4 105. Rbb7 106. Rd2+ 0-1

[Event "Druzynowe Mistrzostwa Polski Juniorow - Ekstraliga"]
[Site "Sypniewo k. Jastrowia"]
[Date "2024-06-17"]
[Round "5.16"]
[White "Golis, Wiktor"]
[Black "Korszanski, Stanislaw"]
[Result "1-0"]
[WhiteTitle "I++"]
[BlackTitle "I+"]
[WhiteElo "2228"]
[BlackElo "1904"]

1. d4 2. Nf6 3. c4 4. c6 5. Nc3 6. d5 7. cxd5 8. cxd5 9. Bf4 10. g6 11. e3 12.
Bg7 13. h3 14. O-O 15. Nf3 16. Nc6 17. Bd3 18. Bd7 19. O-O 20. Rc8 21. Rc1 22.
a6 23. Nd2 24. Na5 25. Qe2 26. b5 27. b3 28. Nc6 29. a4 30. Nb4 31. axb5 32. Nxd3
33. Qxd3 34. Bf5 35. Qe2 36. Qa5 37. Na4 38. axb5 39. Nc5 40. Nd7 41. e4 42. Nxc5
43. exf5 44. Bxd4 45. Be3 46. Bc3 47. Rfd1 48. d4 49. Bh6 50. d3 51. Qf3 52. Rfd8
53. Be3 54. b4 55. Nc4 56. Qa2 57. fxg6 58. hxg6 59. Nb6 60. Nxb3 61. Nxc8 62.
Rxc8 63. Rb1 64. d2 65. Qd5 66. Nc1 67. Qxa2 68. Nxa2 69. Bxd2 70. Kh7 71. Kf1
72. Rd8 73. Be1 74. Rc8 75. Rd7 76. Kg7 77. Rxe7 78. Rc4 79. Ra7 80. Bxe1 81.
Rxe1 82. b3 83. Rb1 84. Rb4 85. Ra3 1-0

[Event "Druzynowe Mistrzostwa Polski Juniorow - Ekstraliga"]
[Site "Sypniewo k. Jastrowia"]
[Date "2024-06-17"]
[Round "5.18"]
[White "Ejsymont, Blanka"]
[Black "Polakiewicz, Blanka"]
[Result "1-0"]
[WhiteTitle "WCM"]
[BlackTitle "I+"]
[WhiteElo "1772"]
[BlackElo "1632"]

1. e4 2. e5 3. Nf3 4. Nc6 5. Bc4 6. Bc5 7. O-O 8. Nf6 9. d3 10. d6 11. h3 12. a6
13. a4 14. O-O 15. c3 16. Ba7 17. Re1 18. Re8 19. Nbd2 20. h6 21. Nf1 22. d5 23.
exd5 24. Nxd5 25. Be3 26. Bf5 27. Bxa7 28. Rxa7 29. Ne3 30. Nxe3 31. Rxe3 32.
Qf6 33. Qe2 34. b5 35. Bb3 36. Rb7 37. axb5 38. axb5 39. Bd5 40. Rb6 41. Bxc6
42. Rxc6 43. Nxe5 44. Rce6 45. d4 46. Qd8 47. Qxb5 48. Rb6 49. Qe2 50. f6 51.
Nc4 52. Rxe3 53. Nxe3 54. Bd7 55. b4 56. Re6 57. Qc4 58. c6 59. d5 60. cxd5 61.
Qxd5 62. Kh7 63. Rd1 64. Re7 65. Nf5 66. Re5 67. Qd3 68. Kg8 69. Ne3 70. Re7 71.
c4 72. Qe8 73. c5 74. Bb5 75. Qd8 76. Kf7 77. Qxe8+ 78. Rxe8 79. Nf5 80. Rb8 81.
Nd6+ 82. Ke6 83. Nxb5 84. Rxb5 85. Rd6+ 86. Ke7 87. Rb6 88. Rxb6 89. cxb6 90.
Kd7 91. Kf1 92. Kc6 93. Ke2 94. Kxb6 95. Kd3 96. Kb5 97. Kc3 98. h5 99. f4 100.
g5 101. f5 102. g4 103. hxg4 104. hxg4 105. g3 106. Kb6 107. Kc4 108. Kc6 109.
b5+ 1-0

[Event "Druzynowe Mistrzostwa Polski Juniorow - Ekstraliga"]
[Site "Sypniewo k. Jastrowia"]
[Date "2024-06-17"]
[Round "5.19"]
[White "Karolczuk, Iwo"]
[Black "Fiszer, Bartosz"]
[Result "0-1"]
[WhiteTitle "FM"]
[BlackTitle "CM"]
[WhiteElo "2293"]
[BlackElo "2275"]

1. e4 2. e6 3. d4 4. d5 5. Nc3 6. Nf6 7. e5 8. Nfd7 9. Nce2 10. c5 11. c3 12. Nc6
13. Nf3 14. Be7 15. Nf4 16. a5 17. Bd3 18. b6 19. O-O 20. cxd4 21. cxd4 22. Ba6
23. Bxa6 24. Rxa6 25. Be3 26. b5 27. Rc1 28. O-O 29. h4 30. Bxh4 31. Nxh4 32.
Qxh4 33. g3 34. Qe7 35. Qg4 36. Rb6 37. Kg2 38. Re8 39. Rh1 40. f5 41. Qh3 42.
Nf8 43. Ng6 44. Nxg6 45. Qxh7+ 46. Kf7 47. Rh6 48. Nf8 49. Qh8 50. Reb8 51. Rch1
52. gxh6 53. Rxh6 54. Ke8 55. Rg6 56. Qh7 57. Rxe6+ 58. Ne7 0-1

[Event "Druzynowe Mistrzostwa Polski Juniorow - Ekstraliga"]
[Site "Sypniewo k. Jastrowia"]
[Date "2024-06-17"]
[Round "5.20"]
[White "Kowalski, Witold"]
[Black "Backiel, Hubert"]
[Result "1-0"]
[WhiteTitle "I++"]
[BlackTitle "k"]
[WhiteElo "1971"]
[BlackElo "2200"]

1. e4 2. c5 3. Nf3 4. d6 5. d4 6. cxd4 7. Nxd4 8. Nf6 9. Nc3 10. a6 11. h3 12.
e6 13. g4 14. h6 15. Bg2 16. Be7 17. Be3 18. Nc6 19. Qe2 20. Nxd4 21. Bxd4 22.
e5 23. Be3 24. Be6 25. O-O-O 26. Qa5 27. Kb1 28. O-O 29. Nd5 30. Bxd5 31. exd5
32. e4 33. g5 34. hxg5 35. Bxg5 36. Rfe8 37. f3 38. Nxd5 39. Bxe7 40. Rxe7 41.
fxe4 42. Rae8 43. Qf2 44. Nf6 45. Rxd6 46. Rxe4 47. Bxe4 48. Nxe4 49. Qb6 50.
Qg5 51. Rdd1 52. Re7 53. a3 54. f5 55. Rhg1 56. Qf6 57. Qxf6 58. Nxf6 59. Rdf1
60. Re5 61. Rg5 62. Re3 63. h4 64. Ne4 65. Rg2 66. Ng3 67. Rff2 68. Kf7 69. Kc1
g5 70. hxg5 71. Ne4 72. Rxf5+ 73. Kg6 74. Rf1 75. Ng3 76. Rd1 77. Kxg5 78. Rd7
79. Kg4 80. Rxb7 81. Kf3 82. Rd2 83. Re1+ 84. Rd1 85. Ne2+ 86. Kd2 87. Rxd1+ 88.
Kxd1 89. Nc3+ 1-0

[Event "Druzynowe Mistrzostwa Polski Juniorow - Ekstraliga"]
[Site "Sypniewo k. Jastrowia"]
[Date "2024-06-17"]
[Round "5.21"]
[White "Chiszko, Oskar"]
[Black "Niezhentsev, Kyrylo"]
[Result "1-0"]
[WhiteTitle "I"]
[BlackTitle "I++"]
[WhiteElo "2045"]
[BlackElo "2140"]

1. e4 2. c5 3. Nf3 4. d6 5. Bb5+ 6. Nd7 7. O-O 8. a6 9. Be2 10. Ngf6 11. d3 12.
g6 13. c4 14. b5 15. cxb5 16. axb5 17. d4 18. c4 19. e5 20. Nd5 21. exd6 22. e6
23. Nc3 24. Nxc3 25. bxc3 26. Nb6 27. Ne5 28. Nd5 29. Bf3 30. Qxd6 31. Bf4 32.
Qd8 33. Qb1 34. Ba6 35. Nc6 36. Qd7 37. Ne5 38. Qb7 39. a4 40. b4 41. Ng4 42.
Be7 43. cxb4 44. Qxb4 45. Bxd5 46. exd5 47. Nf6+ 48. Kd8 49. Nxd5 50. Qb7 51.
Qe4 52. c3 53. Bc7+ 54. Kc8 55. Rfb1 56. Bd3 57. Nxe7+ 1-0

[Event "Druzynowe Mistrzostwa Polski Juniorow - Ekstraliga"]
[Site "Sypniewo k. Jastrowia"]
[Date "2024-06-17"]
[Round "5.22"]
[White "Klim, Juliusz"]
[Black "Wojtacha, Krzysztof"]
[Result "1-0"]
[WhiteTitle "I++"]
[BlackTitle "I"]
[WhiteElo "1882"]
[BlackElo "1826"]

1. e4 2. c5 3. Nf3 4. Nc6 5. d4 6. cxd4 7. Nxd4 8. Nf6 9. Nc3 10. e5 11. Ndb5 12.
d6 13. Bg5 14. a6 15. Na3 16. b5 17. Nd5 18. Be7 19. Bxf6 20. Bxf6 21. c3 22.
Bg5 23. Nc2 24. Rb8 25. Be2 26. O-O 27. O-O 28. Be6 29. Qd3 30. Ne7 31. Ncb4 32.
Nxd5 33. exd5 34. Bd7 35. Nxa6 36. Rb6 37. Nb4 38. f5 39. a3 40. e4 41. Qd4 42.
Bf6 43. Qd2 44. Be5 45. f4 46. exf3 47. Bxf3 48. g5 49. Qf2 50. g4 51. Be2 52.
f4 53. Nd3 54. Rb8 55. c4 56. Qg5 57. c5 58. g3 59. Qf3 60. Bd4+ 61. Kh1 62. dxc5
63. Nxf4 64. gxh2 65. Rab1 66. Bf5 67. Nh3 68. Qh4 69. Bd3 70. Bxh3 71. Qxh3 72.
Qxh3 73. gxh3 74. Rxf1+ 75. Bxf1 76. Be5 77. Re1 78. Bxb2 79. d6 80. Rd8 81. Bxb5
82. Rxd6 83. a4 84. Rd4 85. a5 86. c4 87. a6 88. c3 89. Re8+ 90. Kf7 91. a7 92.
c2 93. Rf8+ 94. Ke7 95. a8=Q 96. c1=Q+ 97. Rf1 98. Qg5 99. Re1+ 100. Kf7 101.
Qe8+ 102. Kf6 103. Qf8+ 104. Kg6 105. Be8# 1-0

[Event "Druzynowe Mistrzostwa Polski Juniorow - Ekstraliga"]
[Site "Sypniewo k. Jastrowia"]
[Date "2024-06-17"]
[Round "5.23"]
[White "Szczotka, Klara"]
[Black "Sprzeczka, Emilia"]
[Result "1/2-1/2"]
[WhiteTitle "k++"]
[BlackTitle "k+"]
[WhiteElo "2006"]
[BlackElo "2017"]

1. c4 2. g6 3. Nc3 4. Nf6 5. Nf3 6. Bg7 7. g3 8. O-O 9. Bg2 10. c5 11. O-O 12.
d5 13. cxd5 14. Nxd5 15. Nxd5 16. Qxd5 17. d3 18. Nc6 19. Nd2 20. Qd7 21. Nc4
22. b6 23. a4 24. Bb7 25. a5 26. Nd4 27. Bxb7 28. Qxb7 29. Bd2 30. Qc6 31. Rc1
32. Rfc8 33. Bc3 34. b5 35. Nd2 36. Qa6 37. Nb3 38. Nxb3 39. Qxb3 40. Bxc3 41.
Qxc3 42. b4 43. Qe5 44. Qxa5 45. d4 46. Qc7 47. Qxc7 48. Rxc7 49. Rxc5 50. Rxc5
51. dxc5 52. Kf8 53. Rd1 54. Rc8 55. Rd4 56. a5 57. Rc4 58. Rc6 59. Kg2 60. Ke8
61. Kf3 62. Kd7 63. Ke3 64. Re6+ 65. Kd3 66. Kc6 67. e4 68. Kb5 69. b3 70. Rc6
71. Kd4 72. e6 73. Rc1 74. f6 75. f4 76. Rc8 77. e5 78. f5 79. h3 80. Rd8+ 81.
Ke3 82. h5 83. h4 84. Rd7 85. Rc2 86. Ra7 87. Rc1 88. Ra6 89. Kd3 90. Rc6 91.
Kd4 92. Rc8 93. Rc2 94. Rd8+ 95. Ke3 96. a4 97. bxa4+ 98. Kxa4 99. c6 100. b3
101. c7 102. Rc8 103. Rc6 104. Kb5 105. Rc1 106. Kb4 107. Rc6 108. b2 109. Rb6+
110. Kc3 111. Rc6+ 112. Kb3 113. Rb6+ 114. Kc2 115. Rc6+ 116. Kd1 117. Rb6 118.
Rxc7 119. Rxb2 120. Rc3+ 121. Kf2 122. Rc2+ 123. Rxc2 124. Kxc2 125. Ke2 126.
Kc3 127. Ke3 128. Kc4 129. Ke2 130. Kd4 131. Kd2 132. Kc4 133. Kc2 134. Kd4 135.
Kd2 1/2-1/2

[Event "Druzynowe Mistrzostwa Polski Juniorow - Ekstraliga"]
[Site "Sypniewo k. Jastrowia"]
[Date "2024-06-17"]
[Round "5.24"]
[White "Izafatava, Kira"]
[Black "Piekutowska, Lena"]
[Result "1-0"]
[WhiteTitle "I++"]
[BlackTitle "I"]
[WhiteElo "1761"]
[BlackElo "1634"]

1. e4 2. c5 3. Nf3 4. e6 5. d4 6. cxd4 7. Nxd4 8. Nc6 9. Nc3 10. Qc7 11. Be2 12.
a6 13. O-O 14. b5 15. Nxc6 16. dxc6 17. a4 18. b4 19. Nb1 20. Nf6 21. Nd2 22.
Be7 23. a5 24. O-O 25. Bd3 26. e5 27. Nc4 28. Bc5 29. Kh1 30. Ng4 31. Qe2 32.
Qa7 33. Kg1 34. Re8 35. h3 36. Nf6 37. Be3 38. Bxe3 39. Nxe3 40. Be6 41. Nc4 42.
Bxc4 43. Bxc4 44. Nd7 45. Rfd1 46. Nc5 47. Qe3 48. Qe7 49. f3 50. h6 51. Kh2 52.
Kh8 53. c3 54. bxc3 55. b4 56. Ne6 57. Bxe6 58. Qxe6 59. Qxc3 60. Red8 61. Qc5
62. Rxd1 63. Rxd1 64. Qf6 65. Rd6 66. Qf4+ 67. Kh1 68. Rc8 69. Rxc6 70. Rxc6 71.
Qxc6 72. Qd2 73. Qc5 74. Qe1+ 75. Kh2 76. f6 77. Qc8+ 78. Kh7 79. Qxa6 80. Qxb4
81. Qb6 82. Qd2 83. Qc5 84. Qa2 85. Qb4 86. h5 87. Qb6 88. Qd2 89. a6 90. Qf4+
91. Kh1 92. Qc1+ 93. Qg1 94. Qa3 95. a7 96. Qa5 97. Qe3 98. Qa1+ 99. Kh2 100.
Qa5 101. Kg3 102. Qa6 103. Qc5 104. Qa1 105. Kh4 106. Qe1+ 107. g3 108. Qe2 109.
Qc8 110. g5+ 111. Kxh5 112. Qxf3+ 113. Qg4 114. Qb3 115. Qd7+ 1-0

[Event "Druzynowe Mistrzostwa Polski Juniorow - Ekstraliga"]
[Site "Sypniewo k. Jastrowia"]
[Date "2024-06-17"]
[Round "5.25"]
[White "Cieslak, Patryk"]
[Black "Demski, Michal"]
[Result "1-0"]
[WhiteTitle "FM"]
[BlackTitle "k"]
[WhiteElo "2358"]
[BlackElo "2176"]

1. d4 2. d5 3. c4 4. e6 5. Nf3 6. Be7 7. cxd5 8. exd5 9. Bf4 10. Nf6 11. Qc2 12.
c6 13. e3 14. O-O 15. Bd3 16. Re8 17. Nc3 18. Nbd7 19. O-O-O 20. Nf8 21. h3 22.
Ng6 23. Bh2 24. Bd6 25. Bxd6 26. Qxd6 27. g4 28. a5 29. g5 30. Ne4 31. Nxe4 32.
dxe4 33. Bxe4 34. Qe6 35. Bd3 36. b5 37. Kb1 38. Bb7 39. Qc5 40. Rad8 41. Nd2
42. Ne5 43. Be4 44. Nd7 45. Qc2 46. g6 47. Bf3 48. a4 49. h4 50. Qe7 51. Ne4 52.
c5 53. Nf6+ 54. Nxf6 55. gxf6 56. Qc7 57. Bxb7 58. Qxb7 59. Qxc5 60. Rc8 61. Qa3
62. Qf3 63. Rhf1 64. Qxf6 65. Qd3 66. Qxh4 67. Qxb5 68. a3 69. b3 70. Re7 71.
Qd3 72. Rec7 73. d5 74. Qf6 75. Qd4 76. Qf3 77. Rd2 78. Qh3 79. Rfd1 80. Rd7 81.
Qe4 82. Rd6 83. Qd3 84. Rcd8 85. e4 86. Qh5 87. Qc3 88. Qg4 89. f3 90. Qd7 91.
Rc1 92. Qe7 93. Rh2 94. Qg5 95. Rxh7 96. Kxh7 97. Rh1+ 98. Qh5 99. Rxh5+ 100.
gxh5 101. Qe5 102. Kh6 103. Qf4+ 104. Kg7 105. Qg5+ 106. Kf8 107. Qxh5 108. Rg6
109. Qh3 110. Rdd6 111. Kc2 112. Rh6 113. Qc8+ 114. Kg7 115. b4 116. Rh2+ 117.
Kb3 118. Rf6 119. Qg4+ 120. Rg6 121. Qf5 122. Rgg2 123. Qe5+ 124. Kf8 125. Qb8+
126. Kg7 127. Qe5+ 128. Kf8 129. Kxa3 130. Rxa2+ 131. Kb3 132. Raf2 133. d6 134.
Rxf3+ 135. Ka4 1-0

[Event "Druzynowe Mistrzostwa Polski Juniorow - Ekstraliga"]
[Site "Sypniewo k. Jastrowia"]
[Date "2024-06-17"]
[Round "5.26"]
[White "Madej, Marek"]
[Black "Maslanka, Wojciech"]
[Result "1-0"]
[WhiteTitle "I++"]
[BlackTitle "k"]
[WhiteElo "2152"]
[BlackElo "2103"]

1. e4 2. c5 3. Nc3 4. Nc6 5. Nge2 6. Nf6 7. d4 8. cxd4 9. Nxd4 10. e5 11. Ndb5
12. d6 13. Bd3 14. a6 15. Na3 16. b5 17. Nd5 18. Nxd5 19. exd5 20. Ne7 21. c4
22. bxc4 23. Nxc4 24. Ng6 25. Bd2 26. Nf4 27. Bxf4 28. exf4 29. Qe2+ 30. Be7 31.
O-O 32. O-O 33. Qe4 34. g6 35. Qxf4 36. a5 37. Rfd1 38. Rb8 39. Rab1 40. Ba6 41.
a3 42. Bxc4 43. Qxc4 44. Qb6 45. b4 46. Rfc8 47. Qe4 48. Bf6 49. g3 50. Qa7 51.
bxa5 52. Qxa5 53. a4 54. Kg7 55. Bb5 56. Rc7 57. Bc6 58. Re7 59. Qd3 60. Rxb1
61. Qxb1 62. Re2 63. Qd3 64. Re1+ 65. Rxe1 66. Qxe1+ 67. Kg2 68. Bc3 69. Qf3 70.
Bd4 71. g4 72. h6 73. h4 74. Qe5 75. a5 76. Bc5 77. a6 78. Bd4 79. Bb5 80. Bc5
81. Bd3 82. Bb6 83. h5 84. gxh5 85. gxh5 86. Qg5+ 87. Qg3 88. Kf6 89. Be4 90.
Qxg3+ 91. Kxg3 92. Kg5 93. Bf3 94. f5 95. Bd1 96. f4+ 97. Kf3 98. Bc5 99. Bc2
100. Kxh5 101. Kxf4 102. Bxf2 103. Kf5 104. Bc5 105. Ke6 106. Kg4 107. Be4 108.
h5 109. Kd7 110. h4 111. Kc7 112. Kf4 113. Bh1 114. h3 115. Kb7 116. Kg3 117.
a7 118. Bxa7 119. Kxa7 1-0

[Event "Druzynowe Mistrzostwa Polski Juniorow - Ekstraliga"]
[Site "Sypniewo k. Jastrowia"]
[Date "2024-06-17"]
[Round "5.27"]
[White "Brzezina, Piotr"]
[Black "Perucki, Maciej"]
[Result "1-0"]
[WhiteTitle "FM"]
[BlackTitle "I"]
[WhiteElo "2298"]
[BlackElo "1878"]

1. e4 2. c5 3. Nf3 4. Nc6 5. Bb5 6. g6 7. Bxc6 8. dxc6 9. d3 10. Bg7 11. a4 12.
e5 13. Be3 14. b6 15. a5 16. Be6 17. Ng5 18. Bd7 19. Nd2 20. Ne7 21. Nc4 22. O-O
23. O-O 24. f6 25. Nf3 26. Rb8 27. axb6 28. axb6 29. Ra7 30. Be6 31. Qa1 32. Nc8
33. Ra8 34. Rxa8 35. Qxa8 36. Qc7 37. Qa3 38. Bxc4 39. dxc4 40. Nd6 41. Nd2 42.
f5 43. f3 44. fxe4 45. fxe4 46. Rxf1+ 47. Kxf1 48. Qf7+ 49. Kg1 50. Qb7 51. Qd3
52. Qc7 53. Nf3 54. Nb7 55. Bg5 56. Qd6 57. Bh4 58. Qxd3 59. cxd3 60. Nd6 61.
Bd8 62. b5 63. Bc7 64. Nf7 65. Kf1 66. g5 67. Nd2 68. Bf8 69. Nb3 bxc4 70. dxc4
71. Kg7 72. Na5 73. Kf6 74. Nxc6 75. h5 76. Nd8 77. Nh8 78. Bb6 79. Ng6 80. Nb7
81. Ke6 82. Nxc5+ 83. Kd6 84. Nd3 85. Kc6 86. Be3 87. g4 88. b4 89. Bd6 90. b5+
91. Kb7 92. c5 93. Bb8 94. c6+ 95. Kc7 96. Nb4 97. Ne7 98. Bc5 1-0